000 00420nam a2200181Ia 4500
005 20250423101318.0
008 250422s9999 xx 000 0 und d
020 _a9780421841000
050 _aKN 60 .M4/
100 _aMegarry, Robert
245 4 _aThe law of real property
260 _aUK
260 _bSweet & Maxwell
260 _c2008
300 _a608 p
650 _aReal property--England.
942 _cBK
999 _c35934
_d35934